000 00400nam a2200169Ia 4500
001 8461
003 IN-NITTTR
005 20251114233038.0
008 251113s9999||||xx |||||||||||||| ||eng||
040 _beng
040 _cIN-NITTTR
041 _aeng
082 _a658.5 K528P
100 _aKhera, S. S.
245 0 _aManagement and control in public enterprise /
_cKhera, S. S.
942 _2ddc
_cBK
999 _c11099
_d11099